000
00303nam a22001337a 4500
020
_a
8185015813
040
_c
NUST
082
_a
512.5
_b
HAD
100
_a
Hadley, G.
_9
39120
245
_a
Linear Algebra
260
_a
New Delhi:
_b
Narosa,
_c
1997.
650
_a
Linear Algebra
_9
57395
942
_2
ddc
_c
BK
999
_c
611436
_d
611436